000 00401nam a2200133Ia 4500
008 211122s9999||||xx |||||||||||||| ||und||
082 _a658.8342
_bSCH-C
100 _aSchiffman, Leon G
245 0 _aConsumer Behavior
260 _bPrentice -Hall Inc.
_aNew Delhi
_c1988
630 _xMBA LIBRARY
650 _aTECHNOLOGY
_vMANAGEMENT AND AUXILIARY SERVICESGENERAL MANAGEMENTEconomics
942 _cBOOK
999 _c123670
_d123670